000 00437nam a2200145 4500
999 _c5845
_d5845
008 161122b xxu||||| |||| 00| 0 eng d
022 _a9770118389007
082 _aDPer 641.05 F73 Mar-Jul 2013
245 _aStopover Hong Kong, Macau Taipei.
260 _aQuezon City:
_bABS CBN Publishing, Inc.,
_c©2013.
300 _apages 48-49;
_c30 cm.
500 _aFood.
650 0 _917765
_aTravel and voyages
_xFood
942 _2ddc
_cPER